ADEME : (Registro nro. 163)
[ vista simple ]
| 000 -CABECERA | |
|---|---|
| Campo de control | 00692nam a2200217 a 4500 |
| 005 - FECHA Y HORA DE LA ULTIMA TRANSACCION | |
| Campo de control | 20160107111747.0 |
| 008 - ELEMENTOS DE LONGITUD FIJA—INFORMACION GENERAL | |
| Campo de control | 140219b1993 fr ao fr|||| 00| 0 fre d |
| 040 ## - FUENTE DE CATALOGACIÓN | |
| Agencia catalogadora original | CO-BoIAVH |
| Agencia transcriptora | CO-BoIAVH |
| 041 0# - IDIOMA | |
| Código de idioma para texto/pista de sonido o título separado | Francés |
| 044 ## - PAÍS DE PUBLICACIÓN | |
| País de publicación | Francia |
| 082 04 - NUMERO DE CLASIFICACION DECIMAL DEWEY | |
| Número de clasificación | 333.79 |
| Número del ítem | A23a |
| 110 2# - ASIENTO PRINCIPAL--NOMBRE CORPORATIVO | |
| Unidad subordinad | Agence de L'environnement et de la Maitrise de L'energie |
| 9 (RLIN) | 6750 |
| 245 1# - MENCION DE TITULO | |
| Título | ADEME : |
| Parte restante del título | Agence de l'Environnement et de la Maitrise de l'Energie |
| 260 ## - PUBLICACION, DISTRIBUCION, ETC. (PIE DE IMPRENTA) | |
| Lugar de publicación, distribución, etc. | París: |
| Nombre del editor, distribuidor, etc. | ADEME, |
| Fecha de publicación, distribución, etc. | 1993. |
| 300 ## - DESCRIPCION FISICA | |
| Extensión | 16 páginas; |
| Otros detalles físicos | Ilustraciones, fotografías |
| Dimensiones | 30 x 21 cm. |
| 650 #6 - ASIENTO SECUNDARIO DE MATERIA - TERMINO TEMATICO | |
| Término temático o nombre geográfico como elemento de entrada | Institutos de Investigación |
| 9 (RLIN) | 48084 |
| 650 #6 - ASIENTO SECUNDARIO DE MATERIA - TERMINO TEMATICO | |
| Término temático o nombre geográfico como elemento de entrada | Energía |
| 9 (RLIN) | 3769 |
| 650 #6 - ASIENTO SECUNDARIO DE MATERIA - TERMINO TEMATICO | |
| Término temático o nombre geográfico como elemento de entrada | Desarrollo institucional |
| 9 (RLIN) | 3523 |
| 662 ## - ASIENTO SECUNDARIO DE MATERIA - JERARQUIA DEL NOMBRE DE LUGAR( | |
| País o entidad mayor | Francia |
| 942 ## - ELEMENTOS ADICIONALES (KOHA) | |
| Tipo de ítem | Libro |
| Sistema de clasificación | Dewey Decimal Classification |
| Withdrawn status | Lost status | Sistema de Clasificación | Damaged status | No para préstamo | Colección | Inventariado | Ubicación Permanente | Ubicación actual | Fecha de adquisición | Fuente de Valor | Valor | Total Checkouts | Número topográfico | Inventario / Código de Barras | Date last seen | Ejemplar | Price effective from | Forma de adquisición | Tipo de material |
|---|---|---|---|---|---|---|---|---|---|---|---|---|---|---|---|---|---|---|---|
| Dewey Decimal Classification | General | Inventariado 2017 | Bogotá | Bogotá | 23/12/1997 | Instituto | 39000.00 | LB-333.79 A23a | 000203 | 04/12/2012 | Ej. 1 | 04/12/2012 | Libro |